| 000 | 00770cab a2200217 4500 | ||
|---|---|---|---|
| 001 | ABS57868 | ||
| 008 | 090401t1997 xxu||||| |||| 00| 0 eng d | ||
| 035 | _a(Sirsi) u82090 | ||
| 041 | _aeng | ||
| 100 | _aLewis, D. | ||
| 245 | _aInvestigating the JCT standard forms of agreement for collateral warranty | ||
| 260 | _c1997 | ||
| 350 | _a0 | ||
| 490 |
_aConstruction Law Journal _v13(5) 1997, 305-314(10) |
||
| 520 | _aA comprehensive analysis of the JCT standard forms of agreement for collateral warranty. Includes origin and history. | ||
| 650 | _aBUILT ENVIRONMENT-BUILDING CONTRACT FORMS-CONSTRUCTION COLLATERAL WARRANTY FORMS | ||
| 650 | _aJCT STANDARD FORMS | ||
| 690 | _aBUILT ENVIRONMENT-BUILDING CONTRACT FORMS | ||
| 942 | _n0 | ||
| 948 | _c13/11/1997 | ||
| 999 |
_c51781 _d51781 |
||